000 01262nam a2200217Ia 4500
999 _c36765
_d36765
001 2704
003 GE_BSU
005 20190605183819.0
008 181216s2011||||ge |||||||||||||| ||geo||
020 _a9789941173455
040 _cGE_BSU
080 _a930.25(479.223)(051)
245 _aარხეიონი = Archeion :
_b N1 /
_cაჭარის ავტონომიური რესპუბლიკის მთავრობის საქვეუწყებო დაწესებულება-საარქივო სამმართველო ; რედაქტორი თამაზ ფუტკარაძე.
264 _aბათუმი :
_bუნივერსალი,
_c2011.
300 _a129 გვ. ;
_b26 სმ.
653 _aარქივი
653 _aსაარქივო სამმართველო
700 _aფუტკარაძე, თამაზ
_eრედაქტორი
_956
710 _a აჭარის ავტონომიური რესპუბლიკის მთავრობის საქვეუწყებო დაწესებულება-საარქივო სამმართველო
_92172
942 _cBK
_2udc